000 00425nam a22001571a 4500
999 _c30872
_d30872
020 _a9788177020663
082 _aS 294.551 2
_bANA/N
100 _aAnant Sharan Tiwari
245 _aNavaratnam of Harirama Vyasa :
_ba study in Madhva-Gaudiya vaisnavam/
_cby Anant Sharan Tiwari
260 _aDelhi:
_bPratibha,
_c2003.
300 _a108p.
650 _aVaisnavism
650 _aHinduism
650 _aReligion
942 _cBK